[Event "Hastings Weekend op-A"]
[Site "Hastings"]
[Date "2024.01.07"]
[Round "4"]
[White "Ahn, Sungmin"]
[Black "Dunn, Maxim"]
[Result "1-0"]
[WhiteElo "1836"]
[BlackElo "1757"]
[PlyCount "173"]
[EventDate "2024.01.06"]
[EventType "swiss"]
[EventRounds "5"]
[EventCountry "ENG"]
[SourceTitle "CB02_2024"]
[SourceDate "2024.01.10"]
[SourceVersion "1"]
[SourceVersionDate "2024.01.10"]
[SourceQuality "1"]

1. e4 c5 2. Nf3 d6 3. d4 cxd4 4. Nxd4 Nf6 5. Nc3 a6 6. Be3 e5 7. Nb3 Be6 8. Qd2 Be7 9. f3 h5 10. Nd5 Nxd5 11. exd5 Bf5 12. Be2 Nd7 13. c4 b6 14. 0-0 0-0 15. Nc1 Bg6 16. Nd3 a5 17. b3 Nc5 18. Nf2 f5 19. Nd1 h4 20. Nc3 Nd7 21. h3 Nf6 22. Na4 Rb8 23. Rfd1 Nh5 24. Bf1 f4 25. Bf2 e4 26. fxe4 Bxe4 27. Qe2 Bg6 28. Qe6+ Kh7 29. Bd3 Bxd3 30. Rxd3 Ng3 31. Re1 Bf6 32. Qg4 Be5 33. Nc3 Rf6 34. Qxh4+ Kg8 35. a4 Qf8 36. Qg4 Re8 37. Ne4 Nxe4 38. Rxe4 Qf7 39. Qe2 Rf8 40. Rf3 Qc7 41. Kh1 Rh6 42. Bd4 Bxd4 43. Rxd4 Rhf6 44. Re4 Qc5 45. Qd2 g5 46. Re7 R8f7 47. Qe2 Kg7 48. Rd3 Qc8 49. Re8 Qf5 50. Kg1 f3 51. Qxf3 Qxf3 52. gxf3 Rxf3 53. Rde3 Rf1+ 54. Kg2 R7f2+ 55. Kg3 Rb2 56. Kg4 Rg2+ 57. Kh5 Rf4 58. R8e7+ Kg8 59. Kg6 g4 60. h4 Rgf2 61. h5 g3 62. Re8+ Rf8 63. Rxf8+ Rxf8 64. Rxg3 Kh8 65. Kg5 Kh7 66. Re3 Rg8+ 67. Kf5 Rf8+ 68. Ke4 Kh6 69. Rh3 Re8+ 70. Kd3 Re5 71. Kc3 Re1 72. Kb2 Re2+ 73. Kc3 Re1 74. Kd2 Re5 75. Rh2 Rg5 76. Rf2 Kxh5 77. Rf8 Rg2+ 78. Kc3 Rg3+ 79. Kb2 Rg2+ 80. Ka3 Rg6 81. Rb8 Kg5 82. Rxb6 Kf5 83. Ra6 Ke5 84. Rxa5 Kd4 85. Kb4 Rg8 86. Rb5 Ra8 87. a5 1-0

[Event "Pardubice rapid op 34th"]
[Site "Pardubice"]
[Date "2023.07.20"]
[Round "6"]
[White "Ahn, Sungmin"]
[Black "Helmer, Jan"]
[Result "0-1"]
[WhiteElo "1776"]
[BlackElo "2123"]
[PlyCount "64"]
[EventDate "2023.07.19"]
[EventType "swiss (rapid)"]
[EventRounds "9"]
[EventCountry "CZE"]
[SourceTitle "CBM 215 Extra"]
[Source "ChessBase"]
[SourceDate "2023.09.30"]
[SourceVersion "1"]
[SourceVersionDate "2023.09.30"]
[SourceQuality "1"]

1. e4 c5 2. Nf3 Nc6 3. Bb5 g6 4. Bxc6 dxc6 5. d3 Bg7 6. h3 e5 7. Be3 Qe7 8. Qd2 h6 9. Nc3 Nf6 10. a3 Nd7 11. 0-0 Nf8 12. Na4 b6 13. b4 f5 14. Qc3 f4 15. Bd2 g5 16. Nh2 h5 17. bxc5 b5 18. Nb2 g4 19. d4 exd4 20. Qd3 Be5 21. c3 Qxc5 22. Rfc1 dxc3 23. Bxc3 g3 24. Nf3 Qxf2+ 25. Kh1 Bxh3 26. Rg1 Bxc3 27. Qxc3 Rg8 28. Qxc6+ Ke7 29. Qxa8 h4 30. Qd5 Be6 31. Qd4 h3 32. Nh4 Qxd4 0-1

[Event "London Classic op 11th"]
[Site "London"]
[Date "2019.12.05"]
[Round "8"]
[White "Pollack, Oscar"]
[Black "Ahn, Sungmin"]
[Result "1-0"]
[WhiteElo "2112"]
[BlackElo "1780"]
[PlyCount "93"]
[EventDate "2019.11.29"]
[EventType "swiss"]
[EventRounds "9"]
[EventCountry "ENG"]
[SourceTitle "CBM 193 Extra"]
[Source "ChessBase"]
[SourceDate "2020.01.31"]
[SourceVersion "1"]
[SourceVersionDate "2020.01.31"]
[SourceQuality "1"]

1. e4 c5 2. Nf3 e6 3. d4 cxd4 4. Nxd4 a6 5. Bd3 Nf6 6. 0-0 Qc7 7. Qe2 d6 8. c4 Nbd7 9. Nc3 Ne5 10. f4 Nxd3 11. Qxd3 Be7 12. h3 h5 13. f5 e5 14. Nc2 Bd7 15. Bg5 Bc6 16. Bxf6 Bxf6 17. Kh1 Bg5 18. Nb4 Rc8 19. b3 h4 20. Rfd1 Rh6 21. Nbd5 Qd8 22. a4 Kf8 23. a5 Qe8 24. Nb6 Rb8 25. b4 Bd8 26. Nbd5 Ra8 27. Ne3 Bc7 28. b5 Bd7 29. b6 Bd8 30. Ng4 Bc6 31. Nxh6 gxh6 32. Qxd6+ Kg7 33. Nd5 Rc8 34. f6+ Kh7 35. Rf1 Bxd5 36. cxd5 Rc2 37. Qa3 Qg8 38. Qf3 Kh8 39. Qg4 Qxg4 40. hxg4 Kh7 41. Rac1 Rb2 42. Rc8 Bxb6 43. axb6 Rxb6 44. Rf5 a5 45. Ra8 Rb4 46. Rxe5 a4 47. d6 1-0

[Event "London Classic op 11th"]
[Site "London"]
[Date "2019.12.03"]
[Round "6"]
[White "Ahn, Sungmin"]
[Black "Akots, Gabor"]
[Result "1/2-1/2"]
[WhiteElo "1780"]
[BlackElo "2221"]
[PlyCount "54"]
[EventDate "2019.11.29"]
[EventType "swiss"]
[EventRounds "9"]
[EventCountry "ENG"]
[SourceTitle "CBM 193 Extra"]
[Source "ChessBase"]
[SourceDate "2020.01.31"]
[SourceVersion "1"]
[SourceVersionDate "2020.01.31"]
[SourceQuality "1"]

1. e4 e5 2. Nf3 Nc6 3. Bc4 Bc5 4. c3 Nf6 5. d4 exd4 6. e5 d5 7. Bb5 Ne4 8. cxd4 Bb6 9. Be3 0-0 10. Nc3 Bg4 11. h3 Bh5 12. Qc2 Nxc3 13. bxc3 Bg6 14. Bd3 Bxd3 15. Qxd3 f6 16. exf6 Qxf6 17. Ng5 Qf5 18. Kd2 Na5 19. Qxf5 Nc4+ 20. Kd3 Rxf5 21. Nf3 c6 22. Rab1 Re8 23. Rhe1 h6 24. Re2 Rf7 25. Rbe1 Rfe7 26. Bf4 Rxe2 27. Rxe2 Rxe2 1/2-1/2

[Event "London Classic op 11th"]
[Site "London"]
[Date "2019.12.01"]
[Round "4"]
[White "Ahn, Sungmin"]
[Black "Wilks, Simon"]
[Result "1-0"]
[WhiteElo "1780"]
[BlackElo "2071"]
[PlyCount "101"]
[EventDate "2019.11.29"]
[EventType "swiss"]
[EventRounds "9"]
[EventCountry "ENG"]
[SourceTitle "CBM 193 Extra"]
[Source "ChessBase"]
[SourceDate "2020.01.31"]
[SourceVersion "1"]
[SourceVersionDate "2020.01.31"]
[SourceQuality "1"]

1. e4 e6 2. d4 d5 3. Nd2 Nc6 4. Ngf3 Nf6 5. e5 Nd7 6. Bd3 f6 7. Ng5 Ndxe5 8. dxe5 fxg5 9. Qh5+ Kd7 10. Nf3 g6 11. Qg4 Nb4 12. Bxg5 Nxd3+ 13. cxd3 Be7 14. Rc1 c6 15. 0-0 Qf8 16. Nd4 Bxg5 17. Qxg5 Qe7 18. Qd2 Ke8 19. b4 Bd7 20. Rc2 Kf7 21. Nb3 Kg7 22. d4 Rhf8 23. a3 Rad8 24. Rc3 Rf5 25. Rh3 Rdf8 26. Nc5 Bc8 27. Nd3 b6 28. Rc1 Ba6 29. f3 Bc4 30. Nf2 Qg5 31. Qxg5 Rxg5 32. Ng4 Rf4 33. Rd1 h5 34. Nf6 Be2 35. Rd2 Bxf3 36. Rg3 Rff5 37. gxf3 Rxg3+ 38. hxg3 Rxf3 39. Kg2 Rxa3 40. Rc2 Rb3 41. Rxc6 Rxb4 42. Rxe6 Kf7 43. Rd6 Rxd4 44. Nxd5 Re4 45. Rf6+ Ke8 46. e6 Re5 47. Nf4 Rf5 48. Rxg6 h4 49. Rg7 Rf6 50. Rxa7 hxg3 51. Ra8+ 1-0

[Event "Bangkok Cha Am op 18th"]
[Site "Bangkog"]
[Date "2018.04.14"]
[Round "2"]
[White "Ahn, Sungmin"]
[Black "Diez, Allan"]
[Result "0-1"]
[WhiteElo "1872"]
[BlackElo "2095"]
[PlyCount "56"]
[EventDate "2018.04.13"]
[EventType "swiss"]
[EventRounds "9"]
[EventCountry "THA"]
[SourceTitle "CBM 184 Extra"]
[Source "ChessBase"]
[SourceDate "2018.06.28"]
[SourceVersion "1"]
[SourceVersionDate "2018.06.28"]
[SourceQuality "1"]

1. e4 c5 2. Nf3 d6 3. d4 cxd4 4. Nxd4 Nf6 5. Nc3 a6 6. h3 h5 7. Bg5 e6 8. f4 Qc7 9. Qf3 Nbd7 10. 0-0-0 b5 11. a3 Bb7 12. Bd3 Be7 13. Kb1 Nc5 14. Qe2 Nxd3 15. cxd3 Qb6 16. Nf3 b4 17. axb4 Qxb4 18. e5 dxe5 19. fxe5 Nd7 20. Bxe7 Kxe7 21. Qd2 Rab8 22. Rhe1 Rhc8 23. Ne4 Qa4 24. Qg5+ Kf8 25. Qxh5 Bxe4 26. Qh8+ Ke7 27. Qh4+ Ke8 28. Qxe4 Qc2+ 0-1

[Event "Incheon op 4th"]
[Site "Incheon"]
[Date "2013.07.03"]
[Round "6"]
[White "Ahmed, Ashraf"]
[Black "Ahn, Sungmin"]
[Result "0-1"]
[WhiteElo "1837"]
[BlackElo "1776"]
[PlyCount "48"]
[EventDate "2013.06.30"]
[EventType "swiss"]
[EventRounds "7"]
[EventCountry "KOR"]
[SourceTitle "CBM 155 Extra"]
[Source "ChessBase"]
[SourceDate "2013.08.26"]
[SourceVersion "1"]
[SourceVersionDate "2013.08.26"]
[SourceQuality "1"]

1. e4 c5 2. Nf3 e6 3. Nc3 Nc6 4. Bb5 Nd4 5. Nxd4 cxd4 6. Ne2 Qg5 7. Nxd4 Qc5 8. c3 e5 9. Bxd7+ Bxd7 10. Nb3 Qc6 11. 0-0 0-0-0 12. d4 exd4 13. cxd4 Qxe4 14. Re1 Qg6 15. Bf4 Bd6 16. Be5 Bxe5 17. Rxe5 Bc6 18. d5 Nf6 19. Rc1 Kb8 20. Rxc6 bxc6 21. Na5 Nxd5 22. g3 Rhe8 23. Rxd5 Rxd5 24. Qb3+ Rb5 0-1

[Event "Incheon op 4th"]
[Site "Incheon"]
[Date "2013.06.30"]
[Round "1"]
[White "Farid, Firman Syah"]
[Black "Ahn, Sungmin"]
[Result "1-0"]
[WhiteElo "2396"]
[BlackElo "1776"]
[PlyCount "49"]
[EventDate "2013.06.30"]
[EventType "swiss"]
[EventRounds "7"]
[EventCountry "KOR"]
[SourceTitle "CBM 155 Extra"]
[Source "ChessBase"]
[SourceDate "2013.08.26"]
[SourceVersion "1"]
[SourceVersionDate "2013.08.26"]
[SourceQuality "1"]

1. d4 Nf6 2. Nf3 b6 3. c4 e6 4. g3 Ba6 5. Qa4 Bb7 6. Bg2 Be7 7. 0-0 0-0 8. Bg5 Nh5 9. Bxe7 Qxe7 10. Nc3 f5 11. Qc2 d6 12. e4 Nc6 13. exf5 exf5 14. Rae1 Qd7 15. d5 Na5 16. Nd4 f4 17. Qe2 g6 18. b4 Qg7 19. Qd3 Nxc4 20. Qxc4 Rf7 21. Ne6 Qf6 22. Ne4 Qf5 23. N4g5 Nf6 24. Nxf7 f3 25. Nh6+ 1-0